00280nam a2200121Ia 45000030006000000080041000060400015000471000025000622450033000872600009001205460012001290050017001410STCL150530s9999 xx 000 0 und d aSTCLcSTCL aBaruah, H.K.; Others aText book of plant pathology c1980 aEnglish20220125170328.0